| 000 | 00851nam a2200253Ia 4500 | ||
|---|---|---|---|
| 003 | OSt | ||
| 005 | 20220916110922.0 | ||
| 006 | a|||||r|||| 00| 0 | ||
| 007 | ta | ||
| 008 | 220915b |||||||| |||| 00| 0 hin d | ||
| 024 | _a44727 | ||
| 037 | _cTextbook | ||
| 040 |
_bhin _aARTS _cARTS |
||
| 041 | _ahin | ||
| 082 | _aO15,1D65,1, 152K9 | ||
| 100 | _aवर्मा, वीरेन्द्र कुमार | ||
| 245 | 0 | _aशिशुपालवघम् | |
| 246 | _aShishupālavagham | ||
| 260 |
_aकाशी _bहिन्दू विश्वविधालय भारत _c1973 |
||
| 300 |
_a84पण् _ccm. |
||
| 650 | _aहिन्दी साहित्य | ||
| 942 |
_hO15,1D65,1, 152K9 _cTB _2CC |
||
| 999 |
_c101406 _d101406 |
||